000
00260nam a2200097Ia 4500
001
679845
005
20250826161330.0
008
250824s9999 xx 000 0 und d
245
0
_a
PERŞEMBELERİ ÇOK SEVERİM
_c
HACER KILCIOĞLU
260
_b
GÜNIŞIĞI YAYINLARI
999
_c
679845
_d
679845